000 01120cab a2200229 4500
001 ABS44138
008 090401t1991 xxu||||| |||| 00| 0 eng d
035 _a(Sirsi) u45506
041 _aeng
100 _aMartin, J.
245 _aClause 12 of the Planning and Compensation Bill
260 _c1991
350 _a0
490 _aEstates Gazette
_v(9105) 9 February 1991, 92-152(3)
520 _aReviews Clause 12 of the Planning and Compensation Bill which is intended to substitute revised provisions for Town and Country Planning Act 1990 s106 which enables local authorities to regulate land use by planning agreement. Examines whether the proposed amendments to the law will result in the adoption of changed tactics by developers and landowners in seeking planning permission in circumstances where the local planning authority is unable to achieve its aims by the imposition of planning conditions .
650 _aPLANNING AGREEMENTS
650 _aSECTION 52 AGREEMENTS
650 _aTOWN AND COUNTRY PLANNING ACT 1971 S52
690 _aPLANNING LAW AND PRACTICE
942 _n0
948 _c04/03/1997
999 _c28850
_d28850